000 00953nam a22002417a 4500
001 57267
003 BD-RjUL
005 20211209080505.0
008 161207s1991 ii ||||| |||| 00| 0 ben d
035 _a(BD-RjUL)57391
040 _aBD-RjUL
_bben
_cBD-RjUL
041 _aben
082 _223
_a294.5
_bSHR 1991
245 1 0 _aশ্রীমদ্ভাগবতম /
260 _aকলিকাতা :
_bকালচারাল ওয়েলফেয়ার,
_c১৯৯১ [১৩৯৮]
300 _aখণ্ড. ;
_c২৫ সেমি .
490 _aদশম স্কন্ধ
505 0 _aখণ্ড ৫, দ্বারকালীলা একসপ্ততিতম হইতে নবতিতম অধ্যায় পর্য্যন্ত --
650 _aহিন্দুত্ত্ববাদ
_9169191
650 _aHinduism
_9169192
856 _3দশম স্কন্ধ
942 _2ddc
_cBK
999 _c57267
_d57267